<?xml version="1.0" encoding="UTF-8"?>
<record
    xmlns:xsi="http://www.w3.org/2001/XMLSchema-instance"
    xsi:schemaLocation="http://www.loc.gov/MARC21/slim http://www.loc.gov/standards/marcxml/schema/MARC21slim.xsd"
    xmlns="http://www.loc.gov/MARC21/slim">

  <leader>00876cam a22002291  4500</leader>
  <controlfield tag="001">g  01001878 </controlfield>
  <controlfield tag="003">DLC</controlfield>
  <controlfield tag="005">20260227111256.0</controlfield>
  <controlfield tag="008">921016s1895    gw j          000 0 ger  </controlfield>
  <datafield tag="010" ind1=" " ind2=" ">
    <subfield code="a">g  01001878 </subfield>
  </datafield>
  <datafield tag="035" ind1=" " ind2=" ">
    <subfield code="a">(OCoLC)26795774</subfield>
  </datafield>
  <datafield tag="040" ind1=" " ind2=" ">
    <subfield code="a">DLC</subfield>
    <subfield code="c">CLU</subfield>
    <subfield code="d">CLU</subfield>
    <subfield code="d">DLC</subfield>
  </datafield>
  <datafield tag="042" ind1=" " ind2=" ">
    <subfield code="a">premarc</subfield>
  </datafield>
  <datafield tag="050" ind1="0" ind2="0">
    <subfield code="a">DD491.H6</subfield>
    <subfield code="b">V3 n. F., Bd. 11 Suppl.</subfield>
  </datafield>
  <datafield tag="110" ind1="1" ind2=" ">
    <subfield code="a">Kassel (Germany)</subfield>
  </datafield>
  <datafield tag="245" ind1="1" ind2="4">
    <subfield code="a">Das Casseler B&#xFC;rgerbach (1520 bis 1699)</subfield>
    <subfield code="c">Nach dem Originale des Casseler Stadtarchivs hrsg. und mit Anmerkungen versehen von Franz Gundlach.</subfield>
  </datafield>
  <datafield tag="260" ind1=" " ind2=" ">
    <subfield code="a">Cassel,</subfield>
    <subfield code="c">1895.</subfield>
  </datafield>
  <datafield tag="300" ind1=" " ind2=" ">
    <subfield code="a">xxi, 225 p.</subfield>
    <subfield code="b">geneal. tables.</subfield>
    <subfield code="c">22 cm.</subfield>
  </datafield>
  <datafield tag="490" ind1="1" ind2=" ">
    <subfield code="a">Verein f&#xFC;r Hessische Geschichte und Landeskunde. Zeitschrift. Suppl., n.F.,</subfield>
    <subfield code="v">11</subfield>
  </datafield>
  <datafield tag="700" ind1="1" ind2=" ">
    <subfield code="a">Gundlach, Franz,</subfield>
    <subfield code="d">1871-</subfield>
    <subfield code="e">ed.</subfield>
  </datafield>
  <datafield tag="810" ind1="2" ind2=" ">
    <subfield code="a">Verein f&#xFC;r Hessische Geschichte und Landeskunde.</subfield>
    <subfield code="t">Zeitschrift.</subfield>
    <subfield code="p">Supplement.</subfield>
    <subfield code="n">ser. 2 ;</subfield>
    <subfield code="v">v. 11.</subfield>
  </datafield>
  <datafield tag="999" ind1=" " ind2=" ">
    <subfield code="c">23863</subfield>
    <subfield code="d">23863</subfield>
  </datafield>
</record>
